DNA engineered noble metal nanoparticles fundamentals and state-of-the-art-of nanobiotechnology

Bibliographic Details
Main Author: Capek, Ignác, 1947-2021 (Author)
Format: Book
Language:English
PhysicalDescription:xiv, 656 s. grafy, ilustr. 24 cm
Published: Hoboken Wiley 2015
ISBN:9781118072141
Series:Advanced materials series
Subjects:

MARC

LEADER 00000cam a2200000 a 4500
001 vtls011555536
003 SK-MaSNL
005 20260301052649.0
008 240318s2015 xxuda f n 001 0 eng
015 |a SNBZSA2016/10 
020 |a 9781118072141  |q (viazané) 
035 |a C9EB1738-E045-4925-9644-F662583C920F 
035 |a urn:nbn:sk:snk-am3icn5 
035 |a urn:nbn:sk:snk-am00e3jd 
040 |a SNK  |b slo  |c SNK  |e AACR2 
041 0 |a eng 
044 |a xxu  |c US 
072 7 |a 539  |x Fyzikálna stavba hmoty. Jadrová fyzika. Molekulová fyzika  |2 konspekt 
072 7 |a 549  |x Mineralógia  |2 konspekt 
080 |a 539.12-022.532  |2 2001 
080 |a 60-022.532  |2 2011 
080 |a (048.8)  |2 2011 
080 |a 539.12  |2 2011 
080 |a 546  |2 2011 
080 |a 669  |2 2011 
080 |a 60  |2 2011 
080 |a 577.21  |2 2011 
100 1 |a Capek, Ignác,  |d 1947-2021  |4 aut  |9 39900 
245 1 0 |a DNA engineered noble metal nanoparticles  |b fundamentals and state-of-the-art-of nanobiotechnology  |c Ignác Capek 
246 3 |a Deoxyribonucleic Acid engineered noble metal nanoparticles 
260 |a Hoboken  |b Wiley  |c 2015 
300 |a xiv, 656 s.  |b grafy, ilustr.  |c 24 cm 
490 1 |a  Advanced materials series 
504 |a Bibliogr.: s. 564-636 ; reg. 
650 0 7 |a nanočastice  |2 SNKPH  |9 247407 
650 0 7 |a drahé kovy  |2 SNKPH  |9 58396 
650 0 7 |a biotechnológia  |2 SNKPH  |9 4156 
650 0 7 |a DNA (nukleová kyselina)  |2 SNKPH  |9 21363 
650 0 7 |a nanobiotechnológia  |2 SNKPH  |9 84326 
650 0 7 |a Nanoparticles  |2 SNKPHeng  |9 353464 
650 0 7 |a Precious metals  |2 SNKPHeng  |9 331017 
650 0 7 |a Biotechnology  |2 SNKPHeng  |9 266982 
650 0 7 |a Deoxyribonucleic acid  |2 SNKPHeng  |9 333820 
650 0 7 |a Nanobiotechnology  |2 SAVUKPHeng  |9 333819 
655 7 |a štúdie  |2 SNKPH  |9 57033 
655 7 |a Studies  |2 SNKPHeng  |9 265573 
830 0 |a Advanced materials series  |9 361874 
919 |a 978-1-118-07214-1 
958 |a NB 
958 |a ZS 
999 |c 606366  |d 608296 
952 |a SNK  |b SNK  |y PREZ  |7 0  |p 17A1124914  |o snkSC 170166  |i snk2016/15056  |8 3  |g 237.00  |0 0  |1 0  |4 0  |d 2016-06-09  |f 1  |l 0  |r 2026-02-23 16:09:11  |w 2026-02-23